The class structure of the advanced societies

Spremljeno u:
Bibliografski detalji
Glavni autor: Giddens, Anthony
Format: Knjiga
Jezik:Undetermined
Izdano: London Hutchinson University Library 1973
Teme:
Oznake: Dodaj oznaku
Bez oznaka, Budi prvi tko označuje ovaj zapis!
Thư viện lưu trữ: Trung tâm Học liệu Trường Đại học Cần Thơ
LEADER 00501nam a2200181Ia 4500
001 CTU_89485
008 210402s9999 xx 000 0 und d
082 |a 301.44 
082 |b G453 
100 |a Giddens, Anthony 
245 4 |a The class structure of the advanced societies 
245 0 |c Anthony Giddens 
260 |a London 
260 |b Hutchinson University Library 
260 |c 1973 
650 |a Social classes 
904 |i Mai Loan 
980 |a Trung tâm Học liệu Trường Đại học Cần Thơ